| 000 | 00859cam a2200205 4500 | ||
|---|---|---|---|
| 001 | WB3713-40 | ||
| 008 | 000000n2001 000 0 eng u | ||
| 035 | _a(Sirsi) u111709 | ||
| 245 | _aTradable landfill permits consultation | ||
| 260 | _c2001 | ||
| 490 |
_aDETR Press Release _v (185) 27 March 2001, (2) |
||
| 520 | _aA consultation paper is issued to help ensure that landfill waste in England and Wales is cut by almost two-thirds. This follows EU rules that say that by 2020 the amount of biodegradable waste must by cut to 35% of 1995 levels. Available at www.environment.detr.gov.uk/consult.htm Responses by 21 June 2001. | ||
| 590 | _aWB | ||
| 650 | _aLANDFILL WASTE | ||
| 650 | _aCONSULTATION PAPER | ||
| 650 | _aEU RULING | ||
| 650 | _aBIODEGRADABLE WASTE | ||
| 690 | _aENVIRONMENTAL AND LAND CONSULTANCY-WASTE MANAGEMENT | ||
| 942 | _n0 | ||
| 999 |
_c66553 _d66553 |
||